|
|
|
แสดงรายละเอียดบรรณานุกรม |
|
|
Brief Record
: Get Marc (ISO 2709)
: E-mail record
: |
| LEADER 00000nam 2200000uu 4500 | |||
| 001 17862 | |||
| 003 ULIBM | |||
| 008 020711s2559 th a 000 0 tha d | |||
| 020 978-616-223-977-9 | |||
| 100 สุชาดา ภัยหลีกลี้ และคณะ | |||
| 245 พฤติกรรมการใช้สุรา ยาสูบ สารเสพติดและพฤติกรรมเสี่ยงต่อสุขภาพ ในนักเรียนมัธยมศึกษาของประเทศไทย ปีการศึกษา 2558 | |||
| 250 พิมพ์ครั้งที่ 1 | |||
| 260 ^bหจก.โรงพิมพ์คลังนานาวิทยา,^c2559 | |||
| 300 64 หน้า | |||
| คุณยังไม่ได้ล็อกอิน คุณสามารถมีกิจกรรมร่วมกับเว็บไซต์ได้ แต่ต้องล็อกอินก่อน :: |
|
| สถานะ | |||||||||
| 1. | รายงานการวิจ้ย | 2559 Barcode: 0003217 | On Shelf | ||||||
| [แสดง 1/1 รายการ] | |||||||||
BibComment |
| คอมเมนท์ทรัพยากรรายการนี้ |
|
|